000 00258nam a2200109Ia 4500
008 231212s1978 xx 000 0 und d
041 _aeng
082 _a621.381
100 _aRoddy
245 _aElectronic Communication
260 _aNew Delhi
_bTata Mc
_c1978
999 _c959185
_d959185